| 000 | 00622nam a2200241 a 4500 | ||
|---|---|---|---|
| 001 | BRCA_6152 | ||
| 005 | 20190320205343.0 | ||
| 008 | 180811s1934----fr-#######---#000-0#fre-# | ||
| 041 | _afre | ||
| 044 | _afr | ||
| 050 | 4 |
_aPQ2635 _b.R65 1934 |
|
| 100 | 1 |
_aRolland, Romain _915509 |
|
| 245 | 1 | 0 |
_aL´Ame Enchantée _cRomain Rolland. |
| 250 | _a44 | ||
| 260 |
_aParís _bAlbin Michel _c[1934] |
||
| 300 |
_a2 v. _c19 cm. |
||
| 500 | _aLa biblioteca solo cuenta con el v.1 | ||
| 500 | _aI41 | ||
| 505 | 0 | _aContenido: v.1. Annette et Sylvie | |
| 650 | 1 | 4 |
_aLiteratura francesa _915510 |
| 902 | _aGFM | ||
| 942 |
_2lcc _cB |
||
| 999 |
_c5839 _d5839 |
||